[Event "World University Women"]
[Site "Katowice POL"]
[Date "2014.08.20"]
[Round "5.5"]
[White "Mareckova, Martina"]
[Black "Fominykh, Maria"]
[Result "0-1"]
[WhiteTitle "WFM"]
[BlackTitle "WIM"]
[WhiteElo "2107"]
[BlackElo "2296"]
[WhiteFideId "327930"]
[BlackFideId "4142411"]
[EventDate "2014.08.18"]

1. e4 d6 2. d4 Nf6 3. Nc3 e5 4. Nf3 Nbd7 5. Bc4 Be7 6. O-O O-O 7. a4 c6 8. a5
Rb8 9. Qe2 b5 10. axb6 axb6 11. d5 Bb7 12. Ra7 cxd5 13. exd5 Qc8 14. Bd2 Ra8 15.
Rfa1 Rxa7 16. Rxa7 Qb8 17. Ra1 Rc8 18. b4 Ne8 19. Bb3 Nc7 20. Qd3 g6 21. Nb5 Bf6
22. Re1 Ne8 23. Ng5 Nf8 24. Qf3 h6 25. Ne4 Bg7 26. g4 Rd8 27. Be3 Bc8 28. Nd2
Bd7 29. c4 f5 30. gxf5 gxf5 31. Nf1 Nh7 32. Qg2 f4 33. Bc1 Bf5 34. Nd2 Nef6 35.
f3 Kh8 36. Kh1 Rg8 37. Bb2 Bf8 38. Qf2 Ng5 39. Rg1 Rg6 40. Qe2 Nd7 41. Nc3 Be7
42. Nce4 Nf7 43. Rxg6 Bxg6 44. Qg2 Bf5 45. Qg1 Ng5 46. Nxg5 hxg5 47. Qf2 b5 48.
Bc3 Qc7 49. Qe2 bxc4 50. Nxc4 Bf6 51. Qd2 g4 52. Qe2 gxf3 53. Qxf3 Kg7 54. Qg2+
Kf8 55. Qe2 Nb6 56. Be1 Nxd5 57. Nd2 Ne3 58. Qh5 Qb7+ 59. Nf3 Bg4 60. Qh6+ Qg7
61. Qxg7+ Kxg7 62. Nd2 Bd7 63. Nc4 Bc6+ 64. Kg1 Nf5 65. Bf2 e4 66. Na5 Bb5 67.
Be6 Nd4 68. Bc4 e3 69. Be1 f3 70. Bxb5 Nxb5 71. Nc4 Bd4 72. Nxe3 Bxe3+ 73. Bf2
Bd2 74. Bg3 Bxb4 75. Kf2 Nd4 0-1

[Event "World University Women"]
[Site "Katowice POL"]
[Date "2014.08.20"]
[Round "5.6"]
[White "Bartel, Marta"]
[Black "Lach, Aleksandra"]
[Result "1/2-1/2"]
[WhiteTitle "WGM"]
[BlackTitle "WFM"]
[WhiteElo "2359"]
[BlackElo "2190"]
[WhiteFideId "1123009"]
[BlackFideId "1134299"]
[EventDate "2014.08.18"]

1. d4 f5 2. Nf3 Nf6 3. g3 g6 4. c4 Bg7 5. b4 d6 6. Bb2 e5 7. dxe5 Nfd7 8. Qb3
Nxe5 9. Nbd2 Qe7 10. Nxe5 dxe5 11. Bg2 Nc6 12. O-O e4 13. Bxg7 Qxg7 14. e3 Be6
15. Rad1 Ne5 16. b5 O-O 17. f3 exf3 18. Bxf3 Nxf3+ 19. Nxf3 Kh8 20. Rd4 g5 21.
Qc3 h6 22. Rd3 Qxc3 23. Rxc3 Rad8 24. h4 gxh4 25. Nxh4 Kh7 26. Nf3 Rg8 27. Kf2
Rg4 28. Nd4 Bc8 29. c5 a6 30. bxa6 bxa6 31. c6 h5 32. Rh1 Kg6 33. Rc5 Re4 34.
Rh4 Rxh4 35. gxh4 f4 36. Re5 fxe3+ 37. Kxe3 Bg4 38. Re7 Rc8 39. Re5 Rb8 40. Ra5
Rb6 41. Kd3 Kf6 42. Kc3 Kg6 43. Re5 Kf6 44. Ra5 Kg6 45. a4 Bd1 46. Rg5+ Kf6 47.
a5 Rb8 48. Rf5+ Kg6 49. Re5 Kf7 50. Kc4 Bg4 51. Re3 Rb1 52. Rc3 Ra1 53. Rb3 Ke7
54. Rb7 Kd6 55. Kb4 Bd1 56. Ra7 Ra4+ 57. Kc3 Rxa5 58. Ra8 Kc5 59. Rd8 Kb6 60.
Rb8+ Kc5 61. Rd8 Kb6 62. Rb8+ Kc5 63. Rd8 Kb6 1/2-1/2

[Event "World University Women"]
[Site "Katowice POL"]
[Date "2014.08.20"]
[Round "5.7"]
[White "Enkhtuul, Altan-Ulzii"]
[Black "Gevorgyan, Maria"]
[Result "0-1"]
[WhiteTitle "WIM"]
[BlackTitle "WFM"]
[WhiteElo "2300"]
[BlackElo "2130"]
[WhiteFideId "4901444"]
[BlackFideId "13300270"]
[EventDate "2014.08.18"]

1. Nf3 d5 2. g3 Nf6 3. Bg2 c6 4. O-O Bf5 5. d4 e6 6. c4 Nbd7 7. a4 Be7 8. a5
Bxb1 9. Rxb1 Qxa5 10. Bd2 Qc7 11. Qb3 Ne4 12. Rfc1 Nxd2 13. Nxd2 Qb6 14. c5 Qc7
15. e4 dxe4 16. Nxe4 O-O 17. Qc4 Rfd8 18. b4 a6 19. h4 Nf8 20. Nc3 Rd7 21. Rd1
Rad8 22. Rd2 Ng6 23. Rbd1 h6 24. Be4 Nf8 25. Bg2 Nh7 26. Qe2 Nf6 27. Qe3 Bf8 28.
Bh3 g6 29. f4 Bg7 30. Qf2 a5 31. b5 cxb5 32. Nxb5 Qc6 33. Qe2 b6 34. Bg2 Nd5 35.
Qc4 Rb8 36. Nc3 bxc5 37. Nxd5 exd5 38. Qxc5 Qe6 39. Kh2 Rb3 40. Rd3 Rb2 41. Qxa5
Rdb7 42. R3d2 R7b5 43. Qc3 R2b3 44. Qc2 Qg4 45. Rd3 Rb2 46. Qc1 R5b3 47. Qe3 Re2
48. Qg1 Rbb2 49. Re1 Rxg2+ 50. Qxg2 Rxg2+ 51. Kxg2 Bf6 52. Kf2 Qh3 53. Ree3 Qh2+
54. Kf1 Qb2 55. Re2 Qb1+ 0-1

[Event "World University Women"]
[Site "Katowice POL"]
[Date "2014.08.20"]
[Round "5.8"]
[White "Terao, Juliana Sayumi"]
[Black "Sun, Xinyue"]
[Result "0-1"]
[WhiteTitle "WIM"]
[WhiteElo "2222"]
[BlackElo "2042"]
[WhiteFideId "2109220"]
[BlackFideId "8600813"]
[EventDate "2014.08.18"]

1. e4 c5 2. c3 d5 3. exd5 Qxd5 4. d4 Nc6 5. Nf3 Bf5 6. Na3 cxd4 7. Nb5 O-O-O 8.
cxd4 e5 9. Nc3 Bb4 10. Bd2 Bxc3 11. bxc3 exd4 12. cxd4 Nxd4 13. Nxd4 Qxd4 14.
Rc1+ Kb8 15. Bf4+ Ka8 16. Qxd4 Rxd4 17. Be3 Rd8 18. Rc7 Be6 19. Be2 Nf6 20. Rc2
Nd5 21. Bg5 Rc8 22. Rxc8+ Rxc8 23. Kd2 h6 24. Bh4 f5 25. f3 Nf4 26. a3 Nxg2 27.
Bf2 Nf4 28. Re1 Nxe2 29. Rxe2 Rc6 30. Bd4 g5 31. Bg7 h5 32. Bf6 g4 33. f4 b6 34.
Be5 Bd5 35. Ke3 h4 36. Rd2 Be4 37. Rd8+ Kb7 38. Rh8 g3 39. Rxh4 g2 40. Rh7+ Ka6
41. Rg7 Rc1 42. Kf2 Rf1+ 0-1

[Event "World University Women"]
[Site "Katowice POL"]
[Date "2014.08.20"]
[Round "5.9"]
[White "Orehek, Spela"]
[Black "Heinatz, Maria"]
[Result "1/2-1/2"]
[WhiteElo "2035"]
[BlackElo "1889"]
[WhiteFideId "14605872"]
[BlackFideId "1312073"]
[EventDate "2014.08.18"]

1. e4 c5 2. c3 d5 3. exd5 Nf6 4. c4 e6 5. dxe6 Bxe6 6. Nf3 Nc6 7. a3 Bd6 8. Be2
Qc7 9. Nc3 a6 10. h3 O-O-O 11. d3 Ne5 12. Qc2 Rhe8 13. Nxe5 Bxe5 14. Be3 Bf5 15.
Rd1 Bd4 16. Bg5 Qe5 17. Bxf6 Bxc3+ 18. bxc3 Qxf6 19. O-O Qg6 20. Kh1 Qe6 21. Bf3
Qxc4 22. Qb2 Qb5 23. Qxb5 axb5 24. d4 cxd4 25. cxd4 Be4 26. Rc1+ Kb8 27. Bxe4
Rxe4 28. Rc5 Rexd4 29. Rxb5 Rd1 30. Rxd1 Rxd1+ 31. Kh2 Rd3 1/2-1/2

[Event "World University Women"]
[Site "Katowice POL"]
[Date "2014.08.20"]
[Round "5.10"]
[White "Garcia Morales, Ivette Ale"]
[Black "Shibata, Misaki"]
[Result "0-1"]
[WhiteTitle "WIM"]
[WhiteElo "2113"]
[BlackElo "1592"]
[WhiteFideId "5105994"]
[BlackFideId "7001134"]
[EventDate "2014.08.18"]

1. d4 d5 2. Nf3 Nf6 3. c4 c6 4. Nc3 dxc4 5. a4 Bf5 6. Nh4 Bg6 7. Nxg6 hxg6 8. e4
e6 9. Bxc4 Bb4 10. Qb3 a5 11. Bg5 Qxd4 12. Rd1 Qxe4+ 13. Kf1 Qe5 14. Bxf6 Qxf6
15. Ne4 Qe7 16. Qg3 O-O 17. Ng5 Rd8 18. Ke2 Nd7 19. Rd3 Nf6 20. Rhd1 Rxd3 21.
Bxd3 Nh7 22. h4 Bd6 23. Qe3 Nf6 24. Qf3 Bc7 25. Rh1 Qb4 26. b3 Qd4 27. Rd1 Qb2+
28. Rd2 Qxb3 29. h5 Qd5 30. Ne4 Nxe4 31. Bxe4 Qxh5 0-1

[Event "World University Women"]
[Site "Katowice POL"]
[Date "2014.08.20"]
[Round "5.11"]
[White "Rothebarth, Ana Vitoria de Paula"]
[Black "Dogodkina, Julia"]
[Result "1/2-1/2"]
[BlackTitle "WFM"]
[WhiteElo "2042"]
[BlackElo "2210"]
[WhiteFideId "2113961"]
[BlackFideId "24143375"]
[EventDate "2014.08.18"]

1. e4 e6 2. d4 d5 3. Nd2 c5 4. c3 cxd4 5. cxd4 Nc6 6. Ngf3 Bb4 7. e5 f6 8. a3
Ba5 9. b4 Bb6 10. Bb2 Nh6 11. Bd3 O-O 12. O-O fxe5 13. dxe5 Nf5 14. Qc2 Bd7 15.
Rac1 Rc8 16. Qb1 a6 17. Nb3 Be8 18. Nc5 Qe7 19. Nd2 Bg6 20. Ndb3 Ba7 21. Qc2 Nh4
22. Bxg6 Nxg6 23. Qe2 Bb8 24. Qg4 Nf4 25. g3 Bxe5 26. Rce1 h5 27. Qd1 Nh3+ 28.
Kg2 Rxf2+ 29. Rxf2 Nxf2 30. Kxf2 Qf7+ 31. Kg2 Bxb2 32. Nxe6 Bf6 33. Nf4 d4 34.
Nxh5 Qd5+ 35. Qf3 Nxb4 36. Nxf6+ gxf6 37. Qxd5+ Nxd5 38. Nxd4 Rc3 39. Rb1 b6 40.
Rb3 Ne3+ 41. Kf2 Rxb3 42. Nxb3 Nc4 43. a4 a5 44. Ke2 Nb2 45. Nd4 Nxa4 46. Kd3
Nc5+ 47. Kc4 Nd7 48. h4 Kg7 49. Kb5 Kg6 1/2-1/2

[Event "World University Women"]
[Site "Katowice POL"]
[Date "2014.08.22"]
[Round "6.1"]
[White "Kulon, Klaudia"]
[Black "Gasik, Anna"]
[Result "1-0"]
[WhiteTitle "WIM"]
[BlackTitle "WIM"]
[WhiteElo "2301"]
[BlackElo "2230"]
[WhiteFideId "1131044"]
[BlackFideId "1121952"]
[EventDate "2014.08.18"]

1. c4 e5 2. g3 Nc6 3. Bg2 g6 4. Nc3 Bg7 5. e3 d6 6. Nge2 h5 7. h4 Bg4 8. b4 Qd7
9. b5 Nd8 10. a4 Ne7 11. Ba3 O-O 12. d3 Rc8 13. Rb1 Kh8 14. Ne4 Ne6 15. f3 Bf5
16. Nf2 Nd8 17. Nc3 Be6 18. Nce4 Nf5 19. Qe2 Bh6 20. Bc1 Qe7 21. Bd2 c6 22. bxc6
bxc6 23. Nd1 Rc7 24. Ba5 Rd7 25. Bc3 Rb7 26. Rxb7 Nxb7 27. a5 d5 28. cxd5 cxd5
29. Bxe5+ Bg7 30. Bxg7+ Kxg7 31. Qb2+ Kh6 32. a6 Nbd6 33. Nxd6 Qxd6 34. g4 hxg4
35. fxg4 Qg3+ 36. Qf2 Qxg4 37. Rg1 Qb4+ 38. Kf1 Rc8 39. e4 Qb1 40. Qd2+ Kh7 41.
exf5 Rc2 42. fxg6+ fxg6 43. Qe1 Bf5 44. Qe7+ Kh8 45. Bf3 Bxd3+ 46. Ke1 Qb6 47.
Rg4 Bf5 48. Qe5+ Kh7 49. Rg2 Qb4+ 50. Kf1 Bh3 51. h5 Bxg2+ 52. Bxg2 Qc4+ 53. Kg1
Rxg2+ 54. Kxg2 Qg4+ 55. Qg3 gxh5 56. Qxg4 hxg4 57. Ne3 d4 58. Nxg4 Kg6 59. Ne5+
Kf5 60. Nc6 Ke4 61. Nxa7 Ke3 62. Nb5 d3 63. a7 d2 64. Nc3 Kd3 65. Nd1 Ke2 66.
Nf2 1-0

[Event "World University Women"]
[Site "Katowice POL"]
[Date "2014.08.22"]
[Round "6.2"]
[White "Ding, Yixin"]
[Black "Fominykh, Maria"]
[Result "1-0"]
[WhiteTitle "WGM"]
[BlackTitle "WIM"]
[WhiteElo "2449"]
[BlackElo "2296"]
[WhiteFideId "8602972"]
[BlackFideId "4142411"]
[EventDate "2014.08.18"]

1. e4 g6 2. d4 Bg7 3. Nc3 c6 4. Nf3 d6 5. Bg5 Qa5 6. Qd2 Nf6 7. Bd3 Bg4 8. O-O-O
e5 9. dxe5 dxe5 10. Bh6 O-O 11. h4 Nbd7 12. Rdg1 Rad8 13. h5 Nc5 14. Bxg7 Nxd3+
15. cxd3 Kxg7 16. h6+ Kg8 17. Qg5 Rd6 18. Nxe5 Nd7 19. f4 f6 20. Qxg4 fxe5 21.
f5 Nc5 22. Rd1 Na4 23. Nxa4 Qxa4 24. Qg5 Re8 25. Kb1 c5 26. Qc1 Qd4 27. Rhf1 b5
28. Qc2 Red8 29. Qb3+ c4 30. Qxb5 cxd3 31. Qb3+ Kh8 32. Qf7 Rg8 33. fxg6 Rdxg6
34. Qf3 Rd8 35. Rd2 Rxh6 36. Rfd1 Rb6 37. b3 Qc5 38. Rxd3 Rg8 39. Rd5 Qe7 40.
Qh5 Qe8 41. Qh4 Rbg6 42. Rd7 h6 43. Re7 Qb5 44. Qh5 a5 45. Rxe5 Qc6 46. Rc1 Qa6
47. Rd5 a4 48. Qe5+ R8g7 49. b4 Rxg2 50. Rd8+ Kh7 51. Qf5+ R2g6 52. Rcc8 1-0

[Event "World University Women"]
[Site "Katowice POL"]
[Date "2014.08.22"]
[Round "6.3"]
[White "Munguntuul, Batkhuyag"]
[Black "Khlichkova, Tatiana"]
[Result "1-0"]
[WhiteTitle "IM"]
[BlackTitle "WFM"]
[WhiteElo "2410"]
[BlackElo "2232"]
[WhiteFideId "4900758"]
[BlackFideId "24145084"]
[EventDate "2014.08.18"]

1. e4 e6 2. d4 d5 3. Nc3 Bb4 4. exd5 exd5 5. Bd3 Nc6 6. a3 Bxc3+ 7. bxc3 Nf6 8.
Ne2 O-O 9. O-O Re8 10. Bg5 Qd6 11. Bf4 Qd8 12. Ng3 Be6 13. Rb1 Rb8 14. Re1 Ne7
15. Bg5 Ng6 16. Nh5 Bg4 17. Nxf6+ gxf6 18. Rxe8+ Qxe8 19. Qxg4 fxg5 20. Qxg5 Qe6
21. h4 Kh8 22. h5 Ne7 23. Qf4 b6 24. Qxc7 Rg8 25. Kf1 Nc6 26. Re1 Qf6 27. Re3
Na5 28. Rf3 Qg5 29. Qe5+ Qxe5 30. dxe5 Kg7 31. h6+ Kxh6 32. Rxf7 Rg7 33. Rf6+
Kg5 34. f4+ Kg4 35. Kf2 h5 36. Be2+ Kh4 37. Rh6 1-0

[Event "World University Women"]
[Site "Katowice POL"]
[Date "2014.08.22"]
[Round "6.4"]
[White "Zhang, Xiaowen"]
[Black "Tomnikova, Lidia"]
[Result "1/2-1/2"]
[WhiteTitle "WGM"]
[BlackTitle "WIM"]
[WhiteElo "2375"]
[BlackElo "2216"]
[WhiteFideId "8603219"]
[BlackFideId "4113110"]
[EventDate "2014.08.18"]

1. e4 e5 2. Nf3 Nc6 3. Bb5 a6 4. Ba4 Nf6 5. O-O Be7 6. Re1 b5 7. Bb3 d6 8. c3
O-O 9. d3 Na5 10. Bc2 c5 11. Nbd2 Re8 12. Nf1 Qc7 13. h3 h6 14. Ng3 Bf8 15. Nh2
d5 16. Qf3 dxe4 17. dxe4 Qc6 18. Ng4 Nxg4 19. hxg4 g6 20. Nf1 Nc4 21. b3 Nb6 22.
Ne3 Be6 23. g3 c4 24. bxc4 Nxc4 25. Nd5 Bxd5 26. exd5 Qc5 27. Qh1 Rad8 28. Bxh6
Qxd5 29. Be4 Qe6 30. Bxf8 Rxf8 31. g5 Rd2 32. Qh4 Qb6 33. g4 Kg7 34. Qh6+ Kg8
35. Qh4 Kg7 36. Qh6+ Kg8 37. Qh4 Kg7 1/2-1/2

[Event "World University Women"]
[Site "Katowice POL"]
[Date "2014.08.22"]
[Round "6.5"]
[White "Gevorgyan, Maria"]
[Black "Sun, Xinyue"]
[Result "1-0"]
[WhiteTitle "WFM"]
[WhiteElo "2130"]
[BlackElo "2042"]
[WhiteFideId "13300270"]
[BlackFideId "8600813"]
[EventDate "2014.08.18"]

1. e4 c5 2. Nc3 Nc6 3. Bb5 Nd4 4. Bc4 e6 5. Nge2 a6 6. a4 Nf6 7. O-O d5 8. exd5
exd5 9. Ba2 Bd6 10. d3 Ne6 11. Ng3 Bxg3 12. hxg3 O-O 13. g4 d4 14. Ne4 Nxe4 15.
dxe4 b5 16. Qe2 Qb6 17. Bd5 Bb7 18. Bxb7 Qxb7 19. Ra3 c4 20. Rh3 Rfd8 21. f3 d3
22. Qf2 bxa4 23. Rh5 dxc2 24. Qxc2 Qb3 25. Qe2 Rd3 26. Kh2 Qb4 27. Qf2 Rad8 28.
Be3 Qe7 29. Rc1 Qc7+ 30. f4 Rd1 31. Rc2 Nd4 32. Rc3 h6 33. g5 hxg5 34. Rxg5 Nb5
35. Bb6 Qc6 36. Rcg3 Qh6+ 37. Rh3 R8d2 38. Rxh6 Rxf2 39. Bxf2 c3 40. bxc3 g6 41.
Bd4 Rxd4 42. cxd4 a3 43. Rc5 a2 44. Rc1 Nc3 45. Ra1 1-0

[Event "World University Women"]
[Site "Katowice POL"]
[Date "2014.08.22"]
[Round "6.6"]
[White "Orehek, Spela"]
[Black "Bartel, Marta"]
[Result "0-1"]
[BlackTitle "WGM"]
[WhiteElo "2035"]
[BlackElo "2359"]
[WhiteFideId "14605872"]
[BlackFideId "1123009"]
[EventDate "2014.08.18"]

1. e4 g6 2. d4 Bg7 3. Nc3 c6 4. h3 d6 5. a4 Nd7 6. Bc4 Ngf6 7. Qe2 e5 8. Nf3 O-O
9. dxe5 dxe5 10. Be3 Qe7 11. O-O Nc5 12. Bd2 a5 13. Rfd1 h6 14. Kh2 Kh7 15. Be1
Nh5 16. g3 Ne6 17. Na2 b6 18. Bc3 Qc7 19. b4 c5 20. Bd5 Ra7 21. bxa5 bxa5 22.
Bb2 Nd4 23. Nxd4 exd4 24. c3 Qd7 25. Qf1 f5 26. cxd4 fxe4 27. Bxe4 cxd4 28. f4
Bb7 29. Bxb7 Rxb7 30. Qf2 Rb3 31. Rg1 Rfb8 32. Rab1 d3 33. Bxg7 Rxb1 34. Rxb1
Rxb1 35. Be5 Qb7 0-1

[Event "World University Women"]
[Site "Katowice POL"]
[Date "2014.08.22"]
[Round "6.7"]
[White "Shibata, Misaki"]
[Black "Lach, Aleksandra"]
[Result "0-1"]
[BlackTitle "WFM"]
[WhiteElo "1592"]
[BlackElo "2190"]
[WhiteFideId "7001134"]
[BlackFideId "1134299"]
[EventDate "2014.08.18"]

1. d4 f5 2. Bg5 g6 3. e3 Nh6 4. Nf3 Nf7 5. Bf4 d6 6. Bc4 e6 7. Nc3 Bg7 8. h4 h6
9. Qe2 O-O 10. O-O-O c6 11. a3 b5 12. Bb3 a5 13. Rdg1 Qe7 14. g4 e5 15. Bxh6
fxg4 16. Bxg7 Kxg7 17. Nd2 exd4 18. exd4 Qxe2 19. Nxe2 Nh6 20. Rh2 d5 21. Nf1
Ra7 22. Nfg3 Raf7 23. Rf1 Rf3 24. c3 b4 25. Kd2 Ba6 26. Rfh1 bxc3+ 27. bxc3 Rxf2
28. Bd1 Nd7 29. Ke3 Nb6 30. a4 Nc4+ 31. Kd3 R8f3+ 32. Kc2 Ne3+ 33. Kc1 Nef5 34.
Rxf2 Rxf2 35. h5 Nxg3 36. Nxg3 Rg2 37. Nf1 Bxf1 38. Rxf1 gxh5 0-1

[Event "World University Women"]
[Site "Katowice POL"]
[Date "2014.08.22"]
[Round "6.8"]
[White "Eric, Jovana"]
[Black "Enkhtuul, Altan-Ulzii"]
[Result "1-0"]
[WhiteTitle "WIM"]
[BlackTitle "WIM"]
[WhiteElo "2201"]
[BlackElo "2300"]
[WhiteFideId "938238"]
[BlackFideId "4901444"]
[EventDate "2014.08.18"]

1. e4 d5 2. exd5 Qxd5 3. Nf3 Bg4 4. Be2 Nc6 5. O-O O-O-O 6. h3 Bh5 7. c3 e5 8.
d4 exd4 9. Nxd4 Bxe2 10. Qxe2 Nxd4 11. cxd4 Qxd4 12. Nc3 Qd3 13. Qg4+ Qd7 14.
Qc4 Qe6 15. Qa4 Bc5 16. Bf4 Qd7 17. Qc4 Bb6 18. Rad1 Qe6 19. Rxd8+ Kxd8 20. Nd5
Ne7 21. Bxc7+ Ke8 22. Nxb6 axb6 23. Qa4+ Qd7 24. Rd1 Nd5 25. Re1+ Ne7 26. Qa8+ 1-0

[Event "World University Women"]
[Site "Katowice POL"]
[Date "2014.08.22"]
[Round "6.9"]
[White "Terao, Juliana Sayumi"]
[Black "Mareckova, Martina"]
[Result "1-0"]
[WhiteTitle "WIM"]
[BlackTitle "WFM"]
[WhiteElo "2222"]
[BlackElo "2107"]
[WhiteFideId "2109220"]
[BlackFideId "327930"]
[EventDate "2014.08.18"]

1. e4 e5 2. Nf3 Nc6 3. Nc3 Nf6 4. Bb5 d6 5. d4 exd4 6. Nxd4 Bd7 7. O-O Be7 8.
Re1 Nxd4 9. Qxd4 O-O 10. Bf1 Re8 11. h3 Bc6 12. b4 a6 13. a4 Nd7 14. Nd5 Bf6 15.
Nxf6+ Qxf6 16. Qxf6 Nxf6 17. f3 Nd7 18. Bb2 Ne5 19. b5 axb5 20. axb5 Bd7 21.
Red1 Be6 22. f4 Nc4 23. Bd4 f6 24. Kf2 Na3 25. Bd3 Ra4 26. b6 c6 27. Bb2 Rea8
28. Bxa3 Rxa3 29. Rxa3 Rxa3 30. Be2 d5 31. f5 Bf7 32. c4 Rb3 33. cxd5 cxd5 34.
exd5 1-0

[Event "World University Women"]
[Site "Katowice POL"]
[Date "2014.08.22"]
[Round "6.10"]
[White "Heinatz, Maria"]
[Black "Dogodkina, Julia"]
[Result "0-1"]
[BlackTitle "WFM"]
[WhiteElo "1889"]
[BlackElo "2210"]
[WhiteFideId "1312073"]
[BlackFideId "24143375"]
[EventDate "2014.08.18"]

1. e4 c5 2. Nf3 d6 3. d4 cxd4 4. Nxd4 Nf6 5. Nc3 a6 6. Be3 Ng4 7. Bg5 Qa5 8. Qd2
e6 9. Be2 Nf6 10. Bxf6 gxf6 11. O-O-O Nc6 12. Nb3 Qg5 13. f4 Qxg2 14. Qe3 Qg6
15. Rhg1 Qh6 16. Kb1 Bd7 17. Na4 Be7 18. Nb6 Rd8 19. Qf2 Nb8 20. Bc4 Qh5 21. Be2
Qh6 22. f5 e5 23. Nxd7 Rxd7 24. Na5 Bd8 25. Qa7 Bc7 26. Qxb7 Ke7 27. Nc6+ Nxc6
28. Qxc6 Rb8 29. Bxa6 Bb6 30. Bb5 Rdd8 31. Rg2 Qe3 32. Qd5 Qc5 33. Qxc5 Bxc5 34.
Bc4 Bd4 35. Bb3 Rg8 36. Re2 h5 37. c3 Bg1 38. Bc4 h4 39. Red2 Rb6 40. a4 Be3 41.
Rd3 Bf4 42. h3 Rg2 43. b4 Rg3 44. a5 Rc6 45. Ba2 Rxc3 46. Rxd6 Rc7 47. R6d3 Be3
48. b5 Bd4 49. b6 Rc5 50. Rb3 Rxb3+ 51. Bxb3 Rxa5 52. Rc1 Bxb6 53. Rc3 Bc5 54.
Kc2 Kf8 55. Rd3 Bd4 56. Rd2 Rc5+ 57. Kd1 Rc3 58. Bc2 Rxh3 59. Rg2 Rg3 60. Rh2 h3
61. Ba4 Rg1+ 62. Ke2 Rg2+ 0-1

[Event "World University Women"]
[Site "Katowice POL"]
[Date "2014.08.22"]
[Round "6.11"]
[White "Garcia Morales, Ivette Ale"]
[Black "Rosas Rodriguez, Carmen Melissa"]
[Result "1/2-1/2"]
[WhiteTitle "WIM"]
[BlackTitle "WCM"]
[WhiteElo "2113"]
[BlackElo "1807"]
[WhiteFideId "5105994"]
[BlackFideId "5111005"]
[EventDate "2014.08.18"]

1. d4 d5 2. Nf3 Nc6 3. g3 Nf6 4. Bg2 g6 5. O-O Bg7 6. c4 O-O 7. cxd5 Qxd5 8. Nc3
Qd7 9. Ne5 Nxe5 10. dxe5 Qxd1 11. Rxd1 Ng4 12. f4 c6 13. h3 Nh6 14. Be3 Nf5 15.
Bf2 e6 16. Be4 Ne7 17. Bg2 Nf5 18. Be4 Ne7 19. Bg2 Nf5 20. Be4 Ne7 21. Bg2 Nf5 1/2-1/2

[Event "World University Women"]
[Site "Katowice POL"]
[Date "2014.08.22"]
[Round "7.1"]
[White "Ding, Yixin"]
[Black "Kulon, Klaudia"]
[Result "0-1"]
[WhiteTitle "WGM"]
[BlackTitle "WIM"]
[WhiteElo "2449"]
[BlackElo "2301"]
[WhiteFideId "8602972"]
[BlackFideId "1131044"]
[EventDate "2014.08.18"]

1. Nf3 c5 2. c4 Nf6 3. g3 Nc6 4. Bg2 d5 5. cxd5 Nxd5 6. O-O e5 7. Nc3 Nc7 8. d3
f6 9. Be3 Be6 10. Nd2 Qd7 11. Rc1 Rc8 12. a3 Be7 13. Qa4 O-O 14. Bxc6 bxc6 15.
Nce4 Bh3 16. Rfe1 Ne6 17. Nxc5 Bxc5 18. Bxc5 Qd5 19. Ne4 Rfd8 20. f3 f5 21. Nf2
Nxc5 22. Qc4 Nb3 23. Rc3 Nd2 24. Qxd5+ cxd5 25. Nxh3 d4 26. Rcc1 Nb3 27. Rxc8
Rxc8 28. e4 Nd2 29. Kg2 fxe4 30. fxe4 Nb3 31. Re2 h6 32. Ng1 Kf7 33. Nf3 Ke6 34.
Ne1 Rc1 35. Kf2 Kd6 36. Kf3 Rd1 37. Kg4 Nc1 0-1

[Event "World University Women"]
[Site "Katowice POL"]
[Date "2014.08.22"]
[Round "7.2"]
[White "Tomnikova, Lidia"]
[Black "Munguntuul, Batkhuyag"]
[Result "0-1"]
[WhiteTitle "WIM"]
[BlackTitle "IM"]
[WhiteElo "2216"]
[BlackElo "2410"]
[WhiteFideId "4113110"]
[BlackFideId "4900758"]
[EventDate "2014.08.18"]

1. e4 c5 2. Nf3 e6 3. c4 Nc6 4. a3 Nf6 5. Nc3 d5 6. exd5 exd5 7. cxd5 Nxd5 8.
Bb5 Be7 9. Ne5 Qd6 10. Qe2 O-O 11. Nc4 Qd8 12. Nxd5 Qxd5 13. Bxc6 Qxc6 14. O-O
Bf6 15. d3 b5 16. Nd2 Bb7 17. Ne4 Bd4 18. Be3 f5 19. Bxd4 cxd4 20. Rac1 Qg6 21.
Rc7 Rab8 22. Ng3 f4 23. Qe7 fxg3 24. Rxb7 Rbe8 25. Qb4 gxf2+ 26. Rxf2 Rxf2 27.
Kxf2 Qxd3 28. h3 Qe3+ 29. Kf1 Rf8+ 0-1

[Event "World University Women"]
[Site "Katowice POL"]
[Date "2014.08.22"]
[Round "7.3"]
[White "Gasik, Anna"]
[Black "Gevorgyan, Maria"]
[Result "1/2-1/2"]
[WhiteTitle "WIM"]
[BlackTitle "WFM"]
[WhiteElo "2230"]
[BlackElo "2130"]
[WhiteFideId "1121952"]
[BlackFideId "13300270"]
[EventDate "2014.08.18"]

1. e4 e5 2. Nf3 Nf6 3. Nxe5 d6 4. Nf3 Nxe4 5. Qe2 Qe7 6. d3 Nf6 7. Bg5 Qxe2+ 8.
Bxe2 Be7 9. c4 c6 10. Nc3 Na6 11. O-O-O Nc7 12. h3 h6 13. Bf4 g5 14. Bh2 Ne6 15.
Rhe1 Rg8 16. Bf1 Nh5 17. d4 Nef4 18. d5 c5 19. Re3 f5 20. Rde1 Rg7 21. g3 Ng6
22. Bd3 Rf7 23. Nb5 Kd8 24. Kb1 a6 25. Nc3 Bd7 26. b3 Rb8 27. a4 b6 28. Kc2 Bf8
29. Re6 Nh8 30. R6e2 Ng6 31. Re6 Nh8 32. R6e2 Ng6 1/2-1/2

[Event "World University Women"]
[Site "Katowice POL"]
[Date "2014.08.22"]
[Round "7.4"]
[White "Fominykh, Maria"]
[Black "Zhang, Xiaowen"]
[Result "1/2-1/2"]
[WhiteTitle "WIM"]
[BlackTitle "WGM"]
[WhiteElo "2296"]
[BlackElo "2375"]
[WhiteFideId "4142411"]
[BlackFideId "8603219"]
[EventDate "2014.08.18"]

1. d4 Nf6 2. c4 g6 3. Nf3 Bg7 4. g3 O-O 5. Bg2 d6 6. O-O c6 7. Nc3 Bf5 8. Nh4
Be6 9. d5 cxd5 10. cxd5 Bd7 11. Be3 Na6 12. Bd4 Qa5 13. a3 Rfc8 14. b4 Qd8 15.
Qd3 Qe8 16. Nf3 Nc7 17. a4 b5 18. axb5 Nxb5 19. Nxb5 Bxb5 20. Qd2 a6 21. Rfe1
Rc4 22. e4 Rac8 23. e5 dxe5 24. Nxe5 R4c7 25. d6 Rc2 26. Qd1 Bh6 27. Bc5 Rd2 28.
Qf3 exd6 29. Ng4 Nxg4 30. Rxe8+ Rxe8 31. Bb6 Ne5 32. Qb7 Nd7 33. Ba7 Rde2 34. h3
R2e7 35. Bd4 Ne5 36. Qd5 Bg7 37. Rd1 Ba4 38. Rd2 Bc6 39. Qb3 Bb5 40. Bd5 h5 41.
Be3 Kh7 42. Kg2 Bf6 43. Bd4 Kg7 44. Qc3 Nd7 45. Bxf6+ Nxf6 46. Bf3 Re6 47. Rd4
Kg8 48. Rf4 Ne4 49. Qc7 R6e7 50. Qb6 d5 51. Qd4 Bc4 52. g4 h4 53. g5 Re5 54.
Rxh4 Nxg5 55. Bd1 Nh7 56. Bf3 Ng5 57. Bd1 Nh7 58. Bf3 Ng5 1/2-1/2